Riconosci il Pokémon - Quiz n°965 - Statistics

Statistiche generali
  • Questo quiz è stato fatto 3 volte
  • Il punteggio medio è 2 su 10
Statistiche sulle risposte
Indizio Risposta % Corretto
Tipo Erba / Spettro
100%
Generazione Nona
100%
Peso 6,0 kg
33%
Altezza 1,2 m
0%
Tasso di cattura 45 (11.9%)
0%
Sesso 50% ♂, 50% ♀
0%
Pokémon Brambleghast
0%
Tasso di allevamento Medio-Veloce
0%
Stadio evoluzione Prima evoluzione
0%
Abilità Vento Propizio; Intrapasso
0%
Nessun quiz corrispondente trovato
Distribuzione punteggi
Percentuale di utenti per punteggio
Percentile per numero di risposta
I tuoi punteggi nel tempo
Non hai fatto questo quiz